00585nam a2200157 a 4500003000200000005001700002008004100019050003100060100002500091245006800116260009000184300002300274504004100297650005200338650003700390020250513140038.0970101s19uu xx 00 eng d aPHS BF 637.B85b.C83 2004 aCudale, Ferdinand J. aA Study on bullying in O.B. Montessorri /cFerdinand J. Cudale. aLas Piñas City, Philippines :bSouthville International School and Colleges,c2004. a35 pages ;c28 cm. aIncludes bibliographical references. aBullying in schoolszPhilippinesxCase studies. aBullyingxPsychological aspects.